<?xml version="1.0" encoding="UTF-8"?>
<record
    xmlns:xsi="http://www.w3.org/2001/XMLSchema-instance"
    xsi:schemaLocation="http://www.loc.gov/MARC21/slim http://www.loc.gov/standards/marcxml/schema/MARC21slim.xsd"
    xmlns="http://www.loc.gov/MARC21/slim">

  <leader>03560cam a2200433 a 4500</leader>
  <datafield tag="952" ind1=" " ind2=" ">
    <subfield code="0">0</subfield>
    <subfield code="1">0</subfield>
    <subfield code="2">ddc</subfield>
    <subfield code="4">0</subfield>
    <subfield code="7">1</subfield>
    <subfield code="8">NFIC</subfield>
    <subfield code="a">ASL</subfield>
    <subfield code="b">ASL</subfield>
    <subfield code="c">REF</subfield>
    <subfield code="d">2021-12-04</subfield>
    <subfield code="e">ASB Publications</subfield>
    <subfield code="h">ASP-103</subfield>
    <subfield code="l">0</subfield>
    <subfield code="o">503  ENC</subfield>
    <subfield code="p">116019</subfield>
    <subfield code="r">2021-12-04 00:00:00</subfield>
    <subfield code="t">C-1</subfield>
    <subfield code="w">2021-12-04</subfield>
    <subfield code="y">REF</subfield>
    <subfield code="z">V-6</subfield>
  </datafield>
  <datafield tag="952" ind1=" " ind2=" ">
    <subfield code="0">0</subfield>
    <subfield code="1">0</subfield>
    <subfield code="2">ddc</subfield>
    <subfield code="4">0</subfield>
    <subfield code="7">1</subfield>
    <subfield code="8">NFIC</subfield>
    <subfield code="a">ASL</subfield>
    <subfield code="b">ASL</subfield>
    <subfield code="c">REF</subfield>
    <subfield code="d">2021-12-04</subfield>
    <subfield code="e">ASB Publications</subfield>
    <subfield code="h">ASP-103</subfield>
    <subfield code="l">0</subfield>
    <subfield code="o">503  ENC</subfield>
    <subfield code="p">116020</subfield>
    <subfield code="r">2021-12-04 00:00:00</subfield>
    <subfield code="t">C-2</subfield>
    <subfield code="w">2021-12-04</subfield>
    <subfield code="y">REF</subfield>
    <subfield code="z">V-6</subfield>
  </datafield>
  <datafield tag="952" ind1=" " ind2=" ">
    <subfield code="0">0</subfield>
    <subfield code="1">0</subfield>
    <subfield code="2">ddc</subfield>
    <subfield code="4">0</subfield>
    <subfield code="7">1</subfield>
    <subfield code="8">NFIC</subfield>
    <subfield code="a">ASL</subfield>
    <subfield code="b">ASL</subfield>
    <subfield code="c">REF</subfield>
    <subfield code="d">2021-12-04</subfield>
    <subfield code="e">ASB Publications</subfield>
    <subfield code="h">ASP-103</subfield>
    <subfield code="l">0</subfield>
    <subfield code="o">503  ENC</subfield>
    <subfield code="p">116021</subfield>
    <subfield code="r">2021-12-04 00:00:00</subfield>
    <subfield code="t">C-3</subfield>
    <subfield code="w">2021-12-04</subfield>
    <subfield code="y">REF</subfield>
    <subfield code="z">V-6</subfield>
  </datafield>
  <datafield tag="952" ind1=" " ind2=" ">
    <subfield code="0">0</subfield>
    <subfield code="1">0</subfield>
    <subfield code="2">ddc</subfield>
    <subfield code="4">0</subfield>
    <subfield code="7">1</subfield>
    <subfield code="8">NFIC</subfield>
    <subfield code="a">ASL</subfield>
    <subfield code="b">ASL</subfield>
    <subfield code="c">REF</subfield>
    <subfield code="d">2021-12-04</subfield>
    <subfield code="e">ASB Publications</subfield>
    <subfield code="h">ASP-103</subfield>
    <subfield code="l">0</subfield>
    <subfield code="o">503  ENC</subfield>
    <subfield code="p">116022</subfield>
    <subfield code="r">2021-12-04 00:00:00</subfield>
    <subfield code="t">C-4</subfield>
    <subfield code="w">2021-12-04</subfield>
    <subfield code="y">REF</subfield>
    <subfield code="z">V-6</subfield>
  </datafield>
  <datafield tag="999" ind1=" " ind2=" ">
    <subfield code="c">28317</subfield>
    <subfield code="d">28317</subfield>
  </datafield>
  <controlfield tag="001">15849310</controlfield>
  <controlfield tag="003">BDDh-ASL</controlfield>
  <controlfield tag="005">20240117062600.0</controlfield>
  <controlfield tag="008">170614m20072009bg ab    be   001 0 eng  </controlfield>
  <datafield tag="010" ind1=" " ind2=" ">
    <subfield code="a">  2009346463</subfield>
  </datafield>
  <datafield tag="020" ind1=" " ind2=" ">
    <subfield code="z">9843000002860 (set)</subfield>
  </datafield>
  <datafield tag="025" ind1=" " ind2=" ">
    <subfield code="a">B-E-2009-346463; 17</subfield>
  </datafield>
  <datafield tag="037" ind1=" " ind2=" ">
    <subfield code="b">Asiatic Society of Bangladesh publication</subfield>
    <subfield code="c">Tk500 (v. 1 : varies)</subfield>
  </datafield>
  <datafield tag="040" ind1=" " ind2=" ">
    <subfield code="a">DLC</subfield>
    <subfield code="c">BDDh-ASL</subfield>
    <subfield code="d">BDDh-ASL</subfield>
  </datafield>
  <datafield tag="042" ind1=" " ind2=" ">
    <subfield code="a">lcode</subfield>
    <subfield code="a">pcc</subfield>
  </datafield>
  <datafield tag="043" ind1=" " ind2=" ">
    <subfield code="a">a-bg---</subfield>
  </datafield>
  <datafield tag="050" ind1="0" ind2="0">
    <subfield code="a">QK358.7</subfield>
    <subfield code="b">.E53 2007</subfield>
  </datafield>
  <datafield tag="082" ind1=" " ind2=" ">
    <subfield code="a">503 </subfield>
    <subfield code="b">ENC</subfield>
  </datafield>
  <datafield tag="245" ind1="0" ind2="0">
    <subfield code="a">Encyclopedia of flora and fauna of Bangladesh, Vol.-6, Angiosperms: (Acanthaceae- Asteraeae)   /</subfield>
    <subfield code="c">chief editor, Zia Uddin Ahmed ; editors, flora, Z.N. Tahmida Begum, M. Abul Hassan, Moniruzzaman Khondeker ; fauna, Syed M. Humayun Kabir ... [et al.].</subfield>
  </datafield>
  <datafield tag="246" ind1="3" ind2="0">
    <subfield code="a">Flora and fauna of Bangladesh</subfield>
  </datafield>
  <datafield tag="260" ind1=" " ind2=" ">
    <subfield code="a">Dhaka :</subfield>
    <subfield code="b">Asiatic Society of Bangladesh,</subfield>
    <subfield code="c">2007-&lt;2009&gt;</subfield>
  </datafield>
  <datafield tag="300" ind1=" " ind2=" ">
    <subfield code="a">v. &lt;1-26, 28&gt; :</subfield>
    <subfield code="b">ill. (some col.), maps (some col.) ;</subfield>
    <subfield code="c">25 cm.</subfield>
  </datafield>
  <datafield tag="440" ind1=" " ind2=" ">
    <subfield code="a">Asiatic Society of Bangladesh publication; </subfield>
    <subfield code="v"> no. 103</subfield>
    <subfield code="9">312</subfield>
  </datafield>
  <datafield tag="500" ind1=" " ind2=" ">
    <subfield code="a">Editors vary in some volumes.</subfield>
  </datafield>
  <datafield tag="504" ind1=" " ind2=" ">
    <subfield code="a">Includes bibliographical references and index.</subfield>
  </datafield>
  <datafield tag="505" ind1="1" ind2=" ">
    <subfield code="a">v. 1. Bangladesh profile -- v. 2. Cyanobacteria, bacteria, and fungi -- v. 3. Algae: Chlorophyta (Aphanochaetaceae-Zygnemataceae) -- v. 4. Algae: Charophyta-Rhodophyta (Achnanthaceae-Vaucheriaceae) -- v. 5. Bryophytes, Pteridophytes, and Gymnosperms -- v. 6. Angiosperms: Dicotyledons (Acanthaceae-Asteraceae) -- v. 7. Angiosperms: Dicotyledons (Balsaminaceae-Euphorbiaceae) -- v. 8. Angiosperms: Dicotyledons (Fabaceae-Lythraceae) -- v. 9. Angiosperms: Dicotyledons Magnoliaceae-Punicaceae -- v. 10. Angiosperms: Dicotyledons Renunculaceae-Zygophyllaceae -- v. 11. Angiosperms: Monocotyledons Agavaceae-Najadaceae -- v. 12. Angiosperms: Monocotyledons, Orchidaceae-Zingiberaceae -- v. 13. Cumulative index flora -- v. 14. Protozoa to Gastrotricha -- v. 15. Platyhelminthes and Nematoda -- v. 16. Annelida Echinodermata Acanthocephala and minor phyla -- v. 17. Molluscs -- v. 18., pt. 1. Arthropoda: Archnida -- v. 18, pt. 2. Arthropoda: Crustacea -- v. 19. Arthropoda: Insecta I (Apterygota and Pterygota (Part)) -- v. 20. Arthropoda: Insecta II (Pterygota orders, Homoptera, Hemiptera Thysanoptera) -- v. 21. Arthropoda: Insceta III Pterygota (part), Pterygota orders, Neuroptera, Mecoptera, Lepidoptera, Trichoptera, Diptera, Siphonaptera -- v. 22. Anthropoda insecta IV -- v. 23. Freshwater fishes -- v. 24. Marine fishes -- v. 25. Ambhibians and reptiles -- v. 26. Birds    -- v. 28. Cumulative index fauna</subfield>
  </datafield>
  <datafield tag="650" ind1=" " ind2="0">
    <subfield code="a">Plants</subfield>
    <subfield code="z">Bangladesh</subfield>
    <subfield code="v">Encyclopedias.</subfield>
    <subfield code="9">421</subfield>
  </datafield>
  <datafield tag="650" ind1=" " ind2="0">
    <subfield code="a">Animals</subfield>
    <subfield code="z">Bangladesh</subfield>
    <subfield code="v">Encyclopedias.</subfield>
    <subfield code="9">422</subfield>
  </datafield>
  <datafield tag="700" ind1="1" ind2=" ">
    <subfield code="a">Ahmed, Zia Uddin</subfield>
    <subfield code="9">423</subfield>
  </datafield>
  <datafield tag="700" ind1="1" ind2=" ">
    <subfield code="a">Tahmida Begum, Z. N.</subfield>
    <subfield code="9">424</subfield>
  </datafield>
  <datafield tag="700" ind1="1" ind2=" ">
    <subfield code="a">Abul Hassan, M.</subfield>
    <subfield code="9">425</subfield>
  </datafield>
  <datafield tag="700" ind1="1" ind2=" ">
    <subfield code="a">Khondeker, Moniruzzaman.</subfield>
    <subfield code="9">426</subfield>
  </datafield>
  <datafield tag="700" ind1="1" ind2=" ">
    <subfield code="a">Kabir, Syed M. Humayun.</subfield>
    <subfield code="9">427</subfield>
  </datafield>
  <datafield tag="710" ind1="1" ind2=" ">
    <subfield code="a">Asiatic Society of Bangladesh.</subfield>
    <subfield code="9">11</subfield>
  </datafield>
  <datafield tag="906" ind1=" " ind2=" ">
    <subfield code="a">7</subfield>
    <subfield code="b">cbc</subfield>
    <subfield code="c">origode</subfield>
    <subfield code="d">2</subfield>
    <subfield code="e">ncip</subfield>
    <subfield code="f">20</subfield>
    <subfield code="g">y-gencatlg</subfield>
  </datafield>
  <datafield tag="942" ind1=" " ind2=" ">
    <subfield code="2">ddc</subfield>
    <subfield code="c">REF</subfield>
  </datafield>
</record>
